Kleinste Landen door Bevolking en Oppervlakte - Statistieken

Algemene statistieken
  • Deze quiz is 4.184 keer genomen
  • De gemiddelde score is 15 van 24
Antwoordstatistieken
Land % Correct
Vaticaanstad
97%
Andorra
91%
Liechtenstein
91%
Monaco
91%
San Marino
90%
Malta
64%
Saint Lucia
64%
Tuvalu
64%
Saint Kitts en Nevis
63%
Nauru
62%
Palau
61%
Saint Vincent en de Grenadines
61%
Samoa
58%
Barbados
57%
Grenada
56%
Micronesia
54%
Singapore
54%
Tonga
54%
Marshalleilanden
53%
Antigua en Barbuda
51%
Dominica
51%
Kiribati
51%
Seychellen
51%
Malediven
32%
Geen overeenkomende quizzen gevonden
Scoreverdeling
Procent van Mensen met Elke Score
Percentiel versus Aantal Correcte Antwoorden
Uw Scoregeschiedenis
U heeft deze quiz nog niet genomen